Statistics for How Well Do You Know South Carolina?

Click here to take the quiz!

General Stats

  • This quiz has been taken 76 times
  • The average score is 5 of 9

Answer Stats

HintAnswer% Correct
MyrtleBeach
96%
PawleysIsland
80%
SpanishMoss
68%
Boone HallPlantation
54%
TableRock
50%
FivePoints
46%
GalivantsFerry
27%
ParisMountain
23%
CarolinaWren
16%

Score Distribution

Percentile by Number Answered

Percent of People with Each Score

Your Score History

You have not taken this quiz